Atansem-nos a l'exposició : 25 anys de l'ANC : la comunicació de la memòria 25 anys de l'ANC :
Publicado:
Barcelona :
Generalitat de Catalunya. Departament de Cultura i Mitjans de Comunicació ,
2007
Descripción Física:
72 p. : il. col. ; 30 cm + 1 CD-ROM
Colección:
Exposicions. Una mirada crítica ; 2
MARC
| LEADER | 00000nam a2200000Ia 4500 | ||
|---|---|---|---|
| 001 | 19480 | ||
| 008 | 160829s2007 xx 000 0 cat d | ||
| 080 | |a A-2-288 | ||
| 245 | |a Atansem-nos a l'exposició : |b 25 anys de l'ANC : |b la comunicació de la memòria | ||
| 260 | |a Barcelona : |b Generalitat de Catalunya. Departament de Cultura i Mitjans de Comunicació, |c 2007 | ||
| 300 | |a 72 p. : |b il. col. ; |c 30 cm + 1 CD-ROM | ||
| 490 | |a Exposicions. Una mirada crítica ; 2 | ||
| 590 | |a A la part superior de la portada: Direcció General del Patrimoni Cultural, Arxiu Nacional de Catalunya. | ||
| 590 | |a Inclou un fulletó amb la relació de documents de suport i de l'exposició. | ||
| 610 | 2 | 0 | |a Arxiu Nacional de Catalunya |v Exposicions |9 56081 |
| 650 | |a Arxiu Nacional de Catalunya |x Ensenyament |9 27693 | ||
| 710 | 2 | |a Arxiu Nacional de Catalunya |9 55117 | |
| 710 | 1 | |a Catalunya. |b Departament de Cultura i Mitjans de Comunicació |9 55890 | |
| 901 | |a Arxiu | ||
| 942 | |n 1 | ||
| 952 | |0 0 |1 0 |4 0 |6 A2288 |7 1 |9 44511 |a Arxiu |b Arxiu |d 2016-12-01 |l 0 |o A-2-288 |p 19480 |r 2016-12-01 00:00:00 |w 2016-12-01 |y ARXIU | ||
| 999 | |c 47092 |d 47092 | ||